Understanding Canadian business (Record no. 15832)
[ view plain ]
| 000 -LEADER | |
|---|---|
| fixed length control field | 00582nam a22002297a 4500 |
| 003 - CONTROL NUMBER IDENTIFIER | |
| control field | mut |
| 005 - DATE AND TIME OF LATEST TRANSACTION | |
| control field | 20240606081343.0 |
| 008 - FIXED-LENGTH DATA ELEMENTS--GENERAL INFORMATION | |
| fixed length control field | 180224b xxu||||| |||| 00| 0 eng d |
| 020 ## - INTERNATIONAL STANDARD BOOK NUMBER | |
| International Standard Book Number | 9780070970274 |
| 040 ## - CATALOGING SOURCE | |
| Transcribing agency | mut |
| 050 ## - LIBRARY OF CONGRESS CALL NUMBER | |
| Classification number | HD31 |
| Item number | .U51 2010 |
| 100 ## - MAIN ENTRY--PERSONAL NAME | |
| Personal name | Nickels, William G. |
| 245 ## - TITLE STATEMENT | |
| Title | Understanding Canadian business |
| 250 ## - EDITION STATEMENT | |
| Edition statement | 7th ed. |
| 260 ## - PUBLICATION, DISTRIBUTION, ETC. | |
| Place of publication, distribution, etc. | Canada |
| Name of publisher, distributor, etc. | McGraw-Hill |
| Date of publication, distribution, etc. | c2010 |
| 650 ## - SUBJECT ADDED ENTRY--TOPICAL TERM | |
| Topical term or geographic name entry element | Industrial Management |
| Form subdivision | Textbooks |
| 700 ## - ADDED ENTRY--PERSONAL NAME | |
| Personal name | McHugh, James M. |
| 700 ## - ADDED ENTRY--PERSONAL NAME | |
| Personal name | McHugh, Susan M. |
| 700 ## - ADDED ENTRY--PERSONAL NAME | |
| Personal name | Cossa, Rita |
| 700 ## - ADDED ENTRY--PERSONAL NAME | |
| Personal name | Sproule, Bob |
| 942 ## - ADDED ENTRY ELEMENTS (KOHA) | |
| Source of classification or shelving scheme | Library of Congress Classification |
| Koha item type | Books |
| Withdrawn status | Lost status | Source of classification or shelving scheme | Damaged status | Not for loan | Home library | Current library | Shelving location | Date acquired | Source of acquisition | Total checkouts | Full call number | Barcode | Date last seen | Price effective from | Koha item type |
|---|---|---|---|---|---|---|---|---|---|---|---|---|---|---|---|
| Library of Congress Classification | Murang'a University of Technology Library | Murang'a University of Technology Library | General stacks | 24/02/2018 | Donation-TFC | HD31 .U51 2010 | 019181 | 30/08/2024 | 24/02/2018 | Books |